Selective incapacitation: ein Beispiel für den Versuch von Kriminalprävention durch Strafzumessung
| 1. VerfasserIn: | |
|---|---|
| Medienart: | Druck Buch |
| Sprache: | Deutsch |
| Veröffentlicht: |
München
VVF
1988
|
| In: |
Rechtswissenschaftliche Forschung und Entwicklung (158)
Jahr: 1988 |
| Bestand in Tübingen: | In Tübingen vorhanden. IFK: P IV 297 |
| Verfügbarkeit prüfen: | HBZ Gateway |
| Subito Bestelldienst: | Jetzt bestellen. |
| Schlagwörter: |
MARC
| LEADER | 00000cam a2200000 c 4500 | ||
|---|---|---|---|
| 001 | 272137154 | ||
| 003 | DE-627 | ||
| 005 | 20260206201433.0 | ||
| 007 | tu | ||
| 008 | 880817s1988 gw ||||| m 00| ||ger c | ||
| 015 | |a 88,N32,0194 |2 dnb | ||
| 015 | |a 88,N32,0194 |2 dnb | ||
| 016 | 7 | |a 880956038 |2 DE-101 | |
| 020 | |a 3882595426 |9 3-88259-542-6 | ||
| 035 | |a (DE-627)272137154 | ||
| 035 | |a (DE-603)008307652 | ||
| 035 | |a (DE-576)01546427X | ||
| 035 | |a (DE-599)GBV272137154 | ||
| 035 | |a (OCoLC)310941385 | ||
| 035 | |a (OCoLC)22678132 | ||
| 035 | |a (OCoLC)310941385 | ||
| 040 | |a DE-627 |b ger |c DE-627 |e rakwb | ||
| 041 | |a ger | ||
| 044 | |c XA-DE | ||
| 084 | |a 19 |2 sdnb | ||
| 084 | |a PH 8240 |2 rvk |0 (DE-625)rvk/136495: | ||
| 084 | |a PH 3320 |2 rvk |0 (DE-625)rvk/136046: | ||
| 084 | |a PH 9100 |2 rvk |0 (DE-625)rvk/136532: | ||
| 100 | 1 | |a Busch, Tobias |4 aut | |
| 245 | 1 | 0 | |a Selective incapacitation |b ein Beispiel für den Versuch von Kriminalprävention durch Strafzumessung |c Tobias Busch |
| 264 | 1 | |a München |b VVF |c 1988 | |
| 300 | |a XVI, 453 S. | ||
| 336 | |a Text |b txt |2 rdacontent | ||
| 337 | |a ohne Hilfsmittel zu benutzen |b n |2 rdamedia | ||
| 338 | |a Band |b nc |2 rdacarrier | ||
| 490 | 1 | |a Rechtswissenschaftliche Forschung und Entwicklung |v 158 | |
| 502 | |a Zugl.: München, Univ., Diss., 1987 | ||
| 583 | 1 | |a Archivierung prüfen |c 20240324 |f DE-4165 |z 1 |2 pdager | |
| 583 | 1 | |a Archivierung/Langzeitarchivierung gewährleistet |c 20240722 |f NI-LastCopies |x XA-DE-NI |z Potenzieller Alleinbesitz Niedersachsen |2 pdager |5 DE-89 | |
| 655 | 7 | |a Hochschulschrift |0 (DE-588)4113937-9 |0 (DE-627)105825778 |0 (DE-576)209480580 |2 gnd-content | |
| 689 | 0 | 0 | |d g |0 (DE-588)4078704-7 |0 (DE-627)106076612 |0 (DE-576)209209682 |a USA |2 gnd |
| 689 | 0 | 1 | |d s |0 (DE-588)4128655-8 |0 (DE-627)105715751 |0 (DE-576)209603941 |a Intensivtäter |2 gnd |
| 689 | 0 | 2 | |d s |0 (DE-588)4128163-9 |0 (DE-627)105719331 |0 (DE-576)209599758 |a Kriminalprognose |2 gnd |
| 689 | 0 | 3 | |d s |0 (DE-588)4181175-6 |0 (DE-627)105320234 |0 (DE-576)210003065 |a Sicherungsverwahrung |2 gnd |
| 689 | 0 | |5 DE-101 | |
| 751 | |a München |4 uvp | ||
| 830 | 0 | |a Rechtswissenschaftliche Forschung und Entwicklung |v 158 |9 15800 |w (DE-627)130250600 |w (DE-576)006775896 |w (DE-600)551835-0 |7 am | |
| 889 | |w (DE-627)027090981 | ||
| 935 | |i mdedup | ||
| 935 | |i Blocktest | ||
| 935 | |h HEB |i 0501 | ||
| 935 | |h HEB |i 0503 | ||
| 936 | r | v | |a PH 8240 |b Kriminalpolitik, Kriminalisierung und Entkriminalisierung; Kriminalität / Prävention; Meinung und Einstellung der Bevölkerung zur Kriminalität und Verbrechenskontrolle; Kriminalitätsfurcht; Ökonomik von Kriminalität |k Rechtswissenschaft |k Strafrecht, Strafverfahrensrecht, Kriminologie |k Kriminologie |k Kriminalität und Kriminalpolitik |k Kriminalpolitik, Kriminalisierung und Entkriminalisierung; Kriminalität / Prävention; Meinung und Einstellung der Bevölkerung zur Kriminalität und Verbrechenskontrolle; Kriminalitätsfurcht; Ökonomik von Kriminalität |0 (DE-627)1271677105 |0 (DE-625)rvk/136495: |0 (DE-576)201677105 |
| 936 | r | v | |a PH 3320 |b Einzeldarstellungen |k Rechtswissenschaft |k Strafrecht, Strafverfahrensrecht, Kriminologie |k Strafrecht |k Rechtsfolgen der Tat |k Strafzumessung |k Einzeldarstellungen |0 (DE-627)1271793865 |0 (DE-625)rvk/136046: |0 (DE-576)201793865 |
| 936 | r | v | |a PH 9100 |b Allgemeines zur Strafzumessung und Kriminalpädagogik |k Rechtswissenschaft |k Strafrecht, Strafverfahrensrecht, Kriminologie |k Kriminologie |k Pönologie; Kriminalpädagogik; Sanktionenforschung |k Allgemeines zur Strafzumessung und Kriminalpädagogik |0 (DE-627)1272237966 |0 (DE-625)rvk/136532: |0 (DE-576)202237966 |
| 936 | s | n | |a p100 |2 mzub |
| 951 | |a BO | ||
| ELC | |b 1 | ||
| LOK | |0 000 xxxxxcx a22 zn 4500 | ||
| LOK | |0 001 3298609080 | ||
| LOK | |0 003 DE-627 | ||
| LOK | |0 004 272137154 | ||
| LOK | |0 005 20141010122004 | ||
| LOK | |0 008 930624||||||||||||||||ger||||||| | ||
| LOK | |0 040 |a DE-21-110 |c DE-627 |d DE-21-110 | ||
| LOK | |0 689 |a s |a Kriminalprävention | ||
| LOK | |0 689 |a s |a Strafzumessung | ||
| LOK | |0 852 |a DE-21-110 | ||
| LOK | |0 852 1 |c P IV 297 |m p |9 00 | ||
| LOK | |0 935 |a k110 | ||
| LOK | |0 936ln |a 12.1 | ||
| LOK | |0 938 |k p | ||
| LOK | |0 939 |a 24-06-93 |b l01 | ||
| ORI | |a SA-MARC-krimdoka001.raw | ||
| SIG | |a IFK: P IV 297 | ||
